Mit mesél az öreg szán?

Podrobná bibliografia
Hlavný autor: Farkas, Rózsa (Autor)
Médium: Článok
Jazyk:maďarčina
slovenčina
Fyzický popis:Obr.
ISSN:1335-6534
Predmet:

MARC

LEADER 00000nab a2200000 a 4500
001 vtls000863784
003 SK-MaSNL
005 20260302161336.0
008 160314c2004 xo 0 hun
015 |a SNBRB2004/02-06470 
035 |a CLN000215340 
040 |a SNKBUCL  |b slo  |c SNKBUCL  |e AACR2 
041 0 |a slo 
044 |a xo  |c SK 
080 |a 821.511.141-93=511.141  |2 UDC-MRF-SK2 
080 |a 821.511.141-3(0.053.2)=511.141  |2 UDC-MRF-SK2 
100 1 |a Farkas, Rózsa  |4 aut  |9 857565 
245 1 0 |a Mit mesél az öreg szán?  |c Farkas Rózsa 
300 |b Obr. 
650 0 7 |a autorské rozprávky, maďarské  |2 snkbucl  |9 71245 
773 0 |x 1335-6534  |t Remény  |g Roč. 15, č. 4 (2004), s. 8 
850 |a Slovenská národná knižnica v Martine 
852 |a SNK  |b KIS3GCP 
958 |a LX 
958 |a HU 
958 |a DB 
958 |a RBX 
999 |c 1377057  |d 1378987